<?xml version="1.0" encoding="UTF-8"?>
<record
    xmlns:xsi="http://www.w3.org/2001/XMLSchema-instance"
    xsi:schemaLocation="http://www.loc.gov/MARC21/slim http://www.loc.gov/standards/marcxml/schema/MARC21slim.xsd"
    xmlns="http://www.loc.gov/MARC21/slim">

  <leader>00811    a2200205   4500</leader>
  <datafield tag="952" ind1=" " ind2=" ">
    <subfield code="0">0</subfield>
    <subfield code="1">0</subfield>
    <subfield code="4">0</subfield>
    <subfield code="7">0</subfield>
    <subfield code="a">CCL</subfield>
    <subfield code="b">CCL</subfield>
    <subfield code="c">GEN</subfield>
    <subfield code="d">2020-10-19</subfield>
    <subfield code="i">10263</subfield>
    <subfield code="l">0</subfield>
    <subfield code="o">HD7287AUR1995</subfield>
    <subfield code="p">002530</subfield>
    <subfield code="r">2020-10-19 00:00:00</subfield>
    <subfield code="t">C.1</subfield>
    <subfield code="w">2020-10-19</subfield>
    <subfield code="y">BK</subfield>
  </datafield>
  <datafield tag="952" ind1=" " ind2=" ">
    <subfield code="0">0</subfield>
    <subfield code="1">0</subfield>
    <subfield code="4">0</subfield>
    <subfield code="7">0</subfield>
    <subfield code="a">CCL</subfield>
    <subfield code="b">CCL</subfield>
    <subfield code="c">GEN</subfield>
    <subfield code="d">2020-10-19</subfield>
    <subfield code="i">5207</subfield>
    <subfield code="l">0</subfield>
    <subfield code="o">HD7287AUR1995</subfield>
    <subfield code="p">B015669</subfield>
    <subfield code="r">2020-10-19 00:00:00</subfield>
    <subfield code="t">C.2</subfield>
    <subfield code="w">2020-10-19</subfield>
    <subfield code="y">BK</subfield>
  </datafield>
  <datafield tag="952" ind1=" " ind2=" ">
    <subfield code="0">0</subfield>
    <subfield code="1">0</subfield>
    <subfield code="4">0</subfield>
    <subfield code="7">0</subfield>
    <subfield code="a">CCL</subfield>
    <subfield code="b">CCL</subfield>
    <subfield code="c">GEN</subfield>
    <subfield code="d">2020-10-21</subfield>
    <subfield code="i">15396</subfield>
    <subfield code="l">0</subfield>
    <subfield code="o">HD7287AUR1995</subfield>
    <subfield code="p">011332</subfield>
    <subfield code="r">2020-10-21 00:00:00</subfield>
    <subfield code="t">C.3</subfield>
    <subfield code="w">2020-10-21</subfield>
    <subfield code="y">BK</subfield>
  </datafield>
  <datafield tag="952" ind1=" " ind2=" ">
    <subfield code="0">0</subfield>
    <subfield code="1">0</subfield>
    <subfield code="4">0</subfield>
    <subfield code="7">0</subfield>
    <subfield code="a">CCL</subfield>
    <subfield code="b">CCL</subfield>
    <subfield code="c">GEN</subfield>
    <subfield code="d">2020-10-21</subfield>
    <subfield code="i">15398</subfield>
    <subfield code="l">0</subfield>
    <subfield code="o">HD7287AUR1995</subfield>
    <subfield code="p">011333</subfield>
    <subfield code="r">2020-10-21 00:00:00</subfield>
    <subfield code="t">C.4</subfield>
    <subfield code="w">2020-10-21</subfield>
    <subfield code="y">BK</subfield>
  </datafield>
  <datafield tag="952" ind1=" " ind2=" ">
    <subfield code="0">0</subfield>
    <subfield code="1">0</subfield>
    <subfield code="4">0</subfield>
    <subfield code="7">0</subfield>
    <subfield code="a">CCL</subfield>
    <subfield code="b">CCL</subfield>
    <subfield code="c">GEN</subfield>
    <subfield code="d">2020-10-21</subfield>
    <subfield code="i">10261</subfield>
    <subfield code="l">0</subfield>
    <subfield code="o">HD7287AUR1995</subfield>
    <subfield code="p">10261</subfield>
    <subfield code="r">2020-10-21 00:00:00</subfield>
    <subfield code="t">C.5</subfield>
    <subfield code="w">2020-10-21</subfield>
    <subfield code="y">BK</subfield>
  </datafield>
  <datafield tag="952" ind1=" " ind2=" ">
    <subfield code="0">0</subfield>
    <subfield code="1">0</subfield>
    <subfield code="4">0</subfield>
    <subfield code="7">0</subfield>
    <subfield code="a">CCL</subfield>
    <subfield code="b">CCL</subfield>
    <subfield code="c">GEN</subfield>
    <subfield code="d">2020-10-21</subfield>
    <subfield code="i">10262</subfield>
    <subfield code="l">0</subfield>
    <subfield code="o">HD7287AUR1995</subfield>
    <subfield code="p">B017630</subfield>
    <subfield code="r">2020-10-21 00:00:00</subfield>
    <subfield code="t">C.6</subfield>
    <subfield code="w">2020-10-21</subfield>
    <subfield code="y">BK</subfield>
  </datafield>
  <datafield tag="952" ind1=" " ind2=" ">
    <subfield code="0">0</subfield>
    <subfield code="1">0</subfield>
    <subfield code="4">0</subfield>
    <subfield code="7">0</subfield>
    <subfield code="a">CCL</subfield>
    <subfield code="b">CCL</subfield>
    <subfield code="c">GEN</subfield>
    <subfield code="d">2020-10-21</subfield>
    <subfield code="i">21096</subfield>
    <subfield code="l">0</subfield>
    <subfield code="o">HD7287AUR1995</subfield>
    <subfield code="p">004431</subfield>
    <subfield code="r">2020-10-21 00:00:00</subfield>
    <subfield code="t">C.7</subfield>
    <subfield code="w">2020-10-21</subfield>
    <subfield code="y">BK</subfield>
  </datafield>
  <datafield tag="952" ind1=" " ind2=" ">
    <subfield code="0">0</subfield>
    <subfield code="1">0</subfield>
    <subfield code="4">0</subfield>
    <subfield code="7">0</subfield>
    <subfield code="8">NFIC</subfield>
    <subfield code="a">MCL</subfield>
    <subfield code="b">MCL</subfield>
    <subfield code="c">GEN</subfield>
    <subfield code="d">2021-05-05</subfield>
    <subfield code="i">15399</subfield>
    <subfield code="l">0</subfield>
    <subfield code="o">HD 7287 AUR 1995</subfield>
    <subfield code="p">011334</subfield>
    <subfield code="r">2021-05-05 00:00:00</subfield>
    <subfield code="t">c-8</subfield>
    <subfield code="w">2021-05-05</subfield>
    <subfield code="y">BK</subfield>
  </datafield>
  <datafield tag="999" ind1=" " ind2=" ">
    <subfield code="c">1570</subfield>
    <subfield code="d">1570</subfield>
  </datafield>
  <datafield tag="020" ind1=" " ind2=" ">
    <subfield code="a">0869226258</subfield>
  </datafield>
  <datafield tag="050" ind1="0" ind2="0">
    <subfield code="a">HD7287.96AUR1995</subfield>
  </datafield>
  <datafield tag="100" ind1="1" ind2=" ">
    <subfield code="a">Auret, Diana.</subfield>
  </datafield>
  <datafield tag="110" ind1=" " ind2=" ">
    <subfield code="a">Catholic Commission for Justice and Peace in Zimbabwe</subfield>
  </datafield>
  <datafield tag="245" ind1="1" ind2="0">
    <subfield code="a">Urban housing :</subfield>
    <subfield code="b">a national crisis? : overcrowded and inadequate housing and the social and economic effects /</subfield>
    <subfield code="c">by Diana Auret.</subfield>
  </datafield>
  <datafield tag="264" ind1=" " ind2=" ">
    <subfield code="a">Gweru:</subfield>
    <subfield code="b">Mambo Press, </subfield>
    <subfield code="c">1995</subfield>
  </datafield>
  <datafield tag="300" ind1=" " ind2=" ">
    <subfield code="a">vii, 126 p. :</subfield>
    <subfield code="b">ill. ;</subfield>
  </datafield>
  <datafield tag="440" ind1=" " ind2=" ">
    <subfield code="a">Catholic Commission for Justice and Peace in Zimbabwe</subfield>
  </datafield>
  <datafield tag="500" ind1=" " ind2=" ">
    <subfield code="a">Includes bibliographical references</subfield>
  </datafield>
  <datafield tag="504" ind1=" " ind2=" ">
    <subfield code="a">Includes bibliographical references (p. 124-126).</subfield>
  </datafield>
  <datafield tag="650" ind1=" " ind2="0">
    <subfield code="a">Low-income housing</subfield>
  </datafield>
  <datafield tag="650" ind1=" " ind2="0">
    <subfield code="a">Housing</subfield>
  </datafield>
  <datafield tag="942" ind1=" " ind2=" ">
    <subfield code="2">lcc</subfield>
    <subfield code="c">BK</subfield>
    <subfield code="h">7287</subfield>
    <subfield code="i">AUR</subfield>
    <subfield code="k">HD</subfield>
  </datafield>
</record>
